| 000 | 01346cam a2200409 4500 | ||
|---|---|---|---|
| 001 | WS114675 | ||
| 008 | 010920n 000 0 eng u | ||
| 035 | _a(Sirsi) u114675 | ||
| 110 |
_aDepartment for Environment, Food and Rural Affairs _94094 |
||
| 245 | _aDEFRA : Farming | ||
| 520 | _aWeb pages for this government department's work on farming covering policy, rural development and employment, sustainable agriculture and with pages on the different sectors. | ||
| 650 | _aGOVERNMENT | ||
| 650 | _aFARMING | ||
| 650 | _aAGRIMONETARY SYSTEM | ||
| 650 | _aEMPLOYMENT | ||
| 650 | _aFARM BUSINESS ADVICE SERVICE | ||
| 650 | _aRURAL DEVELOPMENT | ||
| 650 | _aARABLE CROPS | ||
| 650 | _aCATTLE | ||
| 650 | _aSHEEP | ||
| 650 | _aEGGS | ||
| 650 | _aPOULTRY | ||
| 650 | _aORGANIC FARMING | ||
| 650 | _aPIGS | ||
| 650 | _aUK REGISTER OF ORGANIC FOOD STANDARDS | ||
| 650 | _aRENEWABLE ENERGY | ||
| 650 | _aAGRICULTURE WAGES ORDER 2000 | ||
| 650 | _aSUSTAINABLE AGRICULTURE | ||
| 650 | _aCEREALS | ||
| 650 | _aEXTENSIFICATION PAYMENTS | ||
| 650 | _aSUCKLER COW PREMIUM SCHEME | ||
| 650 | _aSHEEP ANNUAL PREMIUM SCHEME | ||
| 650 | _aSLAUGHTER PREMIUM SCHEME | ||
| 690 |
_aRural _96268 |
||
| 856 | 4 | 0 |
_uhttps://www.defra.gov.uk/farm/farmindx.htm _zView the website free of charge at www.defra.gov.uk... |
| 942 | _n0 | ||
| 999 |
_c119899 _d119899 |
||